Score 0/200 Timer 15:00
0 Plays Today
% Correct
The
91.7%
the
91.7%
the
91.7%
The
91.7%
the
91.7%
the
91.7%
the
91.7%
the
91.7%
the
91.7%
the
91.7%
the
91.7%
the
91.7%
the
91.7%
The
91.7%
the
91.7%
the
91.7%
the
91.7%
the
91.7%
the
91.7%
A
91.7%
the
91.7%
the
91.7%
the
91.7%
A
91.7%
the
91.7%
the
91.7%
a
91.7%
The
91.7%
the
91.7%
the
91.7%
the
91.7%
The
91.7%
the
91.7%
the
91.7%
He
83.3%
he
83.3%
of
75%
an
75%
of
75%
an
75%
of
75%
in
75%
of
75%
of
75%
of
75%
and
75%
and
75%
and
75%
of
75%
in
75%
and
75%
And
75%
of
75%
of
75%
man
66.7%
man
66.7%
man
66.7%
man
66.7%
to
58.3%
to
58.3%
to
58.3%
was
58.3%
to
58.3%
night
50%
night
50%
were
50%
one
50%
% Correct
his
50%
his
50%
at
50%
his
50%
his
50%
out
41.7%
there
41.7%
They
41.7%
came
41.7%
that
41.7%
out
41.7%
off...
41.7%
dark,
33.3%
with
33.3%
down
33.3%
from
33.3%
with
33.3%
its
33.3%
with
33.3%
with
33.3%
other.
33.3%
gun
33.3%
up
33.3%
into
25%
sea
25%
like
25%
into
25%
sea
25%
hand,
25%
bullet.
25%
into
25%
over
16.7%
under
16.7%
wind.
16.7%
Two
16.7%
wind
16.7%
second
16.7%
himself
16.7%
hands
16.7%
head,
16.7%
under
16.7%
two
16.7%
waves
8.3%
power
8.3%
white
8.3%
sky
8.3%
pain,
8.3%
against
8.3%
point.
8.3%
pain.
8.3%
lit
8.3%
fell
8.3%
body.
8.3%
door
8.3%
stood
8.3%
again.
8.3%
again.
8.3%
waves
8.3%
wounded
8.3%
trawler
0%
plunged
0%
angry
0%
swells
0%
furious
0%
awkward
0%
animal
0%
trying
0%
% Correct
desperately
0%
break
0%
impenetrable
0%
swamp.
0%
rose
0%
Goliathan
0%
heights,
0%
crashig
0%
hull
0%
raw
0%
tonnage;
0%
spray
0%
caught
0%
cascaded
0%
deck
0%
force
0%
Everywhere
0%
sounds
0%
inanimate
0%
wood
0%
straining
0%
wood,
0%
ropes
0%
twisting,
0%
stretched
0%
breaking
0%
animal
0%
dying.
0%
abrupt
0%
explosions
0%
pierced
0%
sounds
0%
vessel's
0%
dimly
0%
cabin
0%
rose
0%
host
0%
lunged
0%
grasping
0%
railing
0%
holding
0%
stomach
0%
followed,
0%
pursuit
0%
cautious,
0%
intent
0%
violent.
0%
bracing
0%
cabin
0%
door;door
0%
raised
0%
fired
0%
railing
0%
whipped
0%
both
0%
arching
0%
backwards
0%
impact
0%
fourth
0%
trawler's
0%
bow
0%
dipped
0%
suddenly
0%
valley
0%
giant
0%
lifting
0%
Come Together.
Have Fun.
All Virtual.
We all need to come together. Play Sporcle's virtual live trivia to have fun, connect with people, and get your trivia on. Join a live hosted trivia game for your favorite pub trivia experience done virtually. If a virtual private party is more your thing, go here for details.

You're not logged in!

Compare scores with friends on all Sporcle quizzes.
OR
Log In

Sporcle TV

Today on Sporcle TV


Watch our educational content, quiz creation guides, and fun videos on Sporcle TV.

Show Comments

Extras

Created Feb 21, 2020ReportNominate
Tags:Book Quiz

Top Quizzes Today


Score Distribution

Paid Content

Your Account Isn't Verified!

In order to create a playlist on Sporcle, you need to verify the email address you used during registration. Go to your Sporcle Settings to finish the process.

Report this User

Report this user for behavior that violates our Community Guidelines.

Details: